[Event "Frankfurt Ch 2009"]
[Site "Ffm-Kalbach, LAZ"]
[Date "2009.06.22"]
[Round "6.54"]
[White "Steiz, Johann"]
[Black "Bastian, Holger"]
[Result "0-1"]
[WhiteElo "1497"]
[BlackElo "1774"]
[PlyCount "60"]
[EventDate "2009.??.??"]
[WhiteTeam "ESV Grossenbaum e.V. 1973"]
[BlackTeam "SC S.-W. Schweinheim"]

1. d4 Nf6 2. c4 g6 3. Nc3 Bg7 4. e4 d6 5. f3 O-O 6. Be3 c6 7. Qd2 Re8 8. O-O-O
a6 9. h4 h5 10. Nh3 b5 11. Ng5 Nbd7 12. Be2 Nb6 13. b3 bxc4 14. bxc4 d5 15. c5
Nc4 16. Bxc4 dxc4 17. e5 Nd5 18. Nce4 Rb8 19. Nc3 Nb4 20. Qe2 Nd3+ 21. Rxd3
cxd3 22. Qxd3 Qa5 23. Kc2 Bf5 24. Nge4 Red8 25. Qc4 Rb4 26. Qe2 f6 27. f4 fxe5
28. fxe5 Bxe5 29. Qf2 Bxd4 30. Qf4 Bxc3 0-1

[Event "Frankfurt Ch 2009"]
[Site "Ffm-Kalbach, LAZ"]
[Date "2009.06.22"]
[Round "6.55"]
[White "Mager, Denis"]
[Black "Zimmer, Gerald"]
[Result "1-0"]
[WhiteElo "1467"]
[BlackElo "1772"]
[PlyCount "65"]
[EventDate "2009.??.??"]
[WhiteTeam "TuS Makkabi Ffm"]
[BlackTeam "SC Bergen-Enkheim 1922"]

1. Nf3 Nf6 2. c4 e6 3. Nc3 d5 4. e3 Be7 5. d4 c6 6. Bd3 Nbd7 7. O-O O-O 8. c5
b6 9. b4 a5 10. b5 cxb5 11. c6 Nb8 12. Ne5 Ba6 13. Bxb5 Bb4 14. Bxa6 Nxa6 15.
Nb5 Rc8 16. Qe2 Nc7 17. a4 Na8 18. Ba3 Bxa3 19. Rxa3 Ne4 20. f3 Nd6 21. Na7 Rc7
22. Nb5 Rc8 23. Na7 Rc7 24. Nb5 Re7 25. c7 Nxc7 26. Nc6 Qd7 27. Nxe7+ Qxe7 28.
Nxd6 Qxd6 29. Rb3 Qc6 30. Qb2 Rb8 31. Rc1 Qd6 32. Rbc3 Rc8 33. Qc2 1-0

[Event "Frankfurt Ch 2009"]
[Site "Ffm-Kalbach, LAZ"]
[Date "2009.06.22"]
[Round "6.56"]
[White "Trumpfheller, Roland"]
[Black "Milde, Dieter"]
[Result "1-0"]
[WhiteElo "1770"]
[BlackElo "1625"]
[PlyCount "33"]
[EventDate "2009.??.??"]
[WhiteTeam "SC 1926 Kahl"]
[BlackTeam "Bad Vilbeler Sfr.1985"]

1. Nf3 e6 2. g3 d5 3. Bg2 c5 4. O-O Nf6 5. d4 Nc6 6. a3 cxd4 7. Nxd4 e5 8. Nxc6
bxc6 9. c4 Be6 10. Nc3 Qd7 11. Bg5 d4 12. Qa4 Rc8 13. Bxf6 gxf6 14. Ne4 Be7 15.
Rfd1 c5 16. Qa6 Rc6 17. Nxf6+ 1-0

[Event "Frankfurt Ch 2009"]
[Site "Ffm-Kalbach, LAZ"]
[Date "2009.06.22"]
[Round "6.60"]
[White "Löhr, Holger"]
[Black "Schirmbeck, Markus"]
[Result "1/2-1/2"]
[WhiteElo "1730"]
[BlackElo "1562"]
[PlyCount "52"]
[EventDate "2009.??.??"]
[WhiteTeam "Sfr. Braunfels e.V."]
[BlackTeam "SG Halle 1946/Künsebeck"]

1. e4 d5 2. exd5 Qxd5 3. Nc3 Qd6 4. Nf3 Nf6 5. d4 e6 6. Be2 a6 7. Bg5 Be7 8.
Qd2 O-O 9. O-O b5 10. a3 Bb7 11. Bf4 Qb6 12. h3 Nbd7 13. Rad1 Rfd8 14. Qc1 c5
15. dxc5 Nxc5 16. Be3 Qc7 17. Bf4 Qc6 18. Ne1 Rxd1 19. Qxd1 Rd8 20. Qc1 Nfe4
21. Nxe4 Nxe4 22. Bf3 Bd6 23. Bxd6 Qxd6 24. Nd3 Qb6 25. Qf4 Nf6 26. Bxb7 Qxb7
1/2-1/2

[Event "Frankfurt Ch 2009"]
[Site "Ffm-Kalbach, LAZ"]
[Date "2009.06.22"]
[Round "6.61"]
[White "Kraus, Eduard"]
[Black "Kletzerman, Simon"]
[Result "1-0"]
[WhiteElo "1893"]
[BlackElo "1544"]
[PlyCount "55"]
[EventDate "2009.??.??"]
[WhiteTeam "SV Bergwinkel"]
[BlackTeam "TuS Makkabi Ffm"]

1. d4 d5 2. c4 e5 3. cxd5 Qxd5 4. Nf3 Nc6 5. Nc3 Bb4 6. Bd2 Bxc3 7. Bxc3 e4 8.
Ng1 f5 9. e3 Nf6 10. b3 Be6 11. Ne2 Qd6 12. Nf4 Bf7 13. Bc4 O-O 14. O-O a6 15.
Rc1 b5 16. Bxf7+ Rxf7 17. Qc2 Ne7 18. Ba5 Ned5 19. Nxd5 Nxd5 20. Qc6 Rd8 21.
Rc2 f4 22. Qxd6 Rxd6 23. exf4 Nxf4 24. Bxc7 Rxd4 25. Be5 Rd5 26. Rc8+ Rf8 27.
Rxf8+ Kxf8 28. Bxf4 1-0

[Event "Frankfurt Ch 2009"]
[Site "Ffm-Kalbach, LAZ"]
[Date "2009.06.22"]
[Round "6.62"]
[White "Rehn, Hans Peter"]
[Black "Abrahamyan, Arsen"]
[Result "1-0"]
[WhiteElo "1726"]
[BlackElo "1415"]
[PlyCount "71"]
[EventDate "2009.??.??"]
[WhiteTeam "SK Gründau"]
[BlackTeam "Frankfurter TV 1860"]

1. d4 Nf6 2. Nf3 d6 3. c4 Nbd7 4. Nc3 g6 5. e4 e5 6. Be2 Bg7 7. O-O O-O 8. dxe5
dxe5 9. Qc2 Qe7 10. Bg5 h6 11. Nd5 Qd8 12. Bh4 c6 13. Ne3 Qb6 14. Rab1 Nc5 15.
Nd2 Ncxe4 16. Nxe4 Nxe4 17. Qxe4 f5 18. c5 Qc7 19. Qc4+ Kh8 20. f3 f4 21. Nd1
Rf5 22. Qd3 Rh5 23. Qxg6 Bf5 24. Qxh5 Bxb1 25. Nc3 Bh7 26. Rd1 Qa5 27. Be7 b6
28. Bd6 Rg8 29. Kf1 Qb4 30. Bxe5 Qxb2 31. Bxg7+ Rxg7 32. Rd8+ Bg8 33. Qxh6+ Rh7
34. Qf6+ Rg7 35. Rd7 Qc1+ 36. Nd1 1-0

[Event "Frankfurt Ch 2009"]
[Site "Ffm-Kalbach, LAZ"]
[Date "2009.06.22"]
[Round "6.64"]
[White "Bauer, Alfred"]
[Black "Popp, Matthias"]
[Result "1/2-1/2"]
[WhiteElo "1407"]
[BlackElo "1591"]
[PlyCount "57"]
[EventDate "2009.??.??"]
[WhiteTeam "FB Mörlenbach-Birkenau"]
[BlackTeam "SC Bergen-Enkheim 1922"]

1. e4 c5 2. Nf3 Nc6 3. d4 cxd4 4. Nxd4 e5 5. Nb5 d6 6. N1c3 a6 7. Na3 b5 8. Nd5
Nf6 9. f3 Nxd5 10. exd5 Nd4 11. Be3 Nf5 12. Bf2 Be7 13. Bd3 Qa5+ 14. Qd2 Qxd2+
15. Kxd2 Bg5+ 16. Ke2 O-O 17. Rhe1 Bf4 18. g3 Bg5 19. c4 b4 20. Nc2 a5 21. Kf1
h5 22. h4 Bf6 23. Kg2 Ne7 24. Ne3 Bd7 25. g4 hxg4 26. fxg4 Ng6 27. Bxg6 fxg6
28. Rh1 e4 29. Bg3 1/2-1/2

[Event "Frankfurt Ch 2009"]
[Site "Ffm-Kalbach, LAZ"]
[Date "2009.06.22"]
[Round "6.66"]
[White "Cipca, Adrian"]
[Black "Stulken, Dietmar"]
[Result "1-0"]
[WhiteElo "1577"]
[BlackElo "1329"]
[PlyCount "79"]
[EventDate "2009.??.??"]
[WhiteTeam "SK Bad Homburg 1927"]
[BlackTeam "SC Brett vor'm Kopp Ffm"]

1. e4 e5 2. Nf3 Nc6 3. Bb5 a6 4. Bxc6 dxc6 5. O-O Bg4 6. h3 Bxf3 7. Qxf3 Qf6 8.
d3 Qxf3 9. gxf3 Bd6 10. Be3 Ne7 11. Nd2 Ng6 12. Kh2 O-O-O 13. Nc4 Be7 14. Rad1
Bf6 15. c3 Rd7 16. Rd2 Rhd8 17. Rfd1 h6 18. d4 Nh4 19. Kg3 Ng6 20. b4 exd4 21.
cxd4 Be7 22. a3 Bd6+ 23. e5 Be7 24. Nb2 Nf8 25. Na4 b6 26. f4 g6 27. Rc2 Ne6
28. Rxc6 Nxd4 29. Bxd4 Rxd4 30. Rdc1 Rd3+ 31. f3 R8d7 32. Nxb6+ Kb7 33. Nxd7
Rxd7 34. R6c4 Bd8 35. Kf2 Rd2+ 36. Kg3 Ra2 37. Rd1 Kc8 38. Rd3 Ra1 39. Rcd4
Rg1+ 40. Kh2 1-0

[Event "Frankfurt Ch 2009"]
[Site "Ffm-Kalbach, LAZ"]
[Date "2009.06.22"]
[Round "6.67"]
[White "Lehmann, Gerit"]
[Black "Wilhelm, Andreas"]
[Result "0-1"]
[WhiteElo "1394"]
[BlackElo "1541"]
[PlyCount "68"]
[EventDate "2009.??.??"]
[WhiteTeam "SC 1924 Lampertheim"]
[BlackTeam "SC 1933 Somborn"]

1. d4 Nf6 2. Nf3 g6 3. e3 Bg7 4. b3 d5 5. Bb2 c5 6. c3 cxd4 7. cxd4 O-O 8. Nc3
Bg4 9. Be2 Nbd7 10. O-O a6 11. Rc1 b5 12. b4 Qb6 13. Nd2 Bxe2 14. Qxe2 Rac8 15.
Rc2 Rc7 16. Rfc1 Rfc8 17. Nb3 e6 18. Nc5 Ne8 19. Nxd7 Rxd7 20. Nb1 Rdc7 21.
Rxc7 Rxc7 22. Rc5 Bf8 23. Rxc7 Qxc7 24. a3 Nd6 25. Qd3 Nc4 26. Qc3 Bd6 27. g3
h5 28. Bc1 h4 29. Kg2 Qe7 30. Nd2 Qf6 31. e4 h3+ 32. Kxh3 Qxf2 33. e5 Be7 34.
Qd3 Ne3 0-1

[Event "Frankfurt Ch 2009"]
[Site "Ffm-Kalbach, LAZ"]
[Date "2009.06.22"]
[Round "6.68"]
[White "Neuhaus, Joachim"]
[Black "Lopez-Fuertes, Victor"]
[Result "1/2-1/2"]
[WhiteElo "1345"]
[BlackElo "1448"]
[PlyCount "114"]
[EventDate "2009.??.??"]
[WhiteTeam "SC 1933 Somborn"]
[BlackTeam "SC 1910 Höchst"]

1. e4 c6 2. d4 d5 3. f3 e6 4. Bd3 dxe4 5. Bxe4 Nf6 6. Ne2 Nxe4 7. fxe4 Qa5+ 8.
Bd2 Bb4 9. a3 Bxd2+ 10. Nxd2 O-O 11. O-O Nd7 12. b4 Qc7 13. e5 b6 14. Ne4 a5
15. Qd2 b5 16. Nd6 axb4 17. Qxb4 Ra4 18. Qd2 c5 19. Nxb5 Qb6 20. Rab1 cxd4 21.
Nd6 Qa7 22. Nxc8 Rxc8 23. Kh1 Nxe5 24. Rb3 Nc4 25. Qd3 e5 26. Rfb1 g6 27. c3
Rxa3 28. cxd4 exd4 29. Nxd4 Rxb3 30. Nxb3 Qa3 31. Qd7 Qa6 32. Qd3 Qe6 33. Nd4
Qd5 34. Qc3 Nd6 35. Qb4 Rc4 36. Qb8+ Kg7 37. Nf3 Rc2 38. Qa7 Nf5 39. Qa1+ Kh6
40. Rd1 Qc6 41. Qe5 Qa4 42. Ra1 Qg4 43. Rg1 Qc4 44. Qf6 Qc3 45. Qxf7 Qg7 46.
Qb3 Rc3 47. Qb2 Rc7 48. Qd2+ g5 49. h4 Kh5 50. Nxg5 Rc4 51. g3 Qb7+ 52. Kh2 Qb8
53. Kh3 Ne3 54. Qxe3 Qc8+ 55. g4+ Rxg4 56. Rxg4 Qxg4+ 57. Kh2 Qxh4+ 1/2-1/2

[Event "Frankfurt Ch 2009"]
[Site "Ffm-Kalbach, LAZ"]
[Date "2009.06.22"]
[Round "6.71"]
[White "Hohls, Henning"]
[Black "Herwig-Päutz, Martin"]
[Result "1-0"]
[WhiteElo "1113"]
[BlackElo "1506"]
[PlyCount "131"]
[EventDate "2009.??.??"]
[WhiteTeam "SC 1934 Gelnhausen"]
[BlackTeam "SC Nidderau"]

1. d4 b6 2. c4 e6 3. Nf3 Bb4+ 4. Bd2 Qe7 5. Nc3 Nf6 6. e3 Ba6 7. a3 Bxc3 8.
Bxc3 Ne4 9. Bb4 c5 10. dxc5 bxc5 11. Qc2 d5 12. Qa4+ Qd7 13. Qxd7+ Nxd7 14. Bd2
dxc4 15. Be2 Rb8 16. Rc1 Rxb2 17. Bxc4 Bxc4 18. Rxc4 Nxd2 19. Nxd2 Ra2 20. Nb1
Ne5 21. Rc3 Ke7 22. O-O Rd8 23. Rxc5 Kf6 24. Ra5 Rd7 25. Rc1 Rb7 26. Nc3 Rc7
27. Nxa2 Rd7 28. h3 Rd2 29. Nc3 Rd7 30. Ne4+ Kf5 31. Rcc5 f6 32. f4 Kxe4 33.
fxe5 Kxe3 34. exf6 gxf6 35. Rc3+ Ke2 36. Rb5 Rd1+ 37. Kh2 e5 38. Rb2+ Rd2 39.
Rxd2+ Kxd2 40. Rf3 e4 41. Rf2+ Ke1 42. Kg1 e3 43. Rb2 f5 44. Rb7 h5 45. Re7 f4
46. Rxa7 h4 47. Rd7 e2 48. Re7 f3 49. gxf3 Kd2 50. Kf2 e1=Q+ 51. Rxe1 Kd3 52.
a4 Kc4 53. Ke3 Kc5 54. Kd3 Kc6 55. Kc4 Kb6 56. Kb4 Kc6 57. Rd1 Kb6 58. Rd6+ Kc7
59. Kc5 Kb7 60. Kb5 Kc7 61. Rd1 Kb7 62. Rd7+ Kc8 63. Kc6 Kb8 64. Kb6 Kc8 65.
Rd1 Kb8 66. Rd8# 1-0

[Event "Frankfurt Ch 2009"]
[Site "Ffm-Kalbach, LAZ"]
[Date "2009.06.22"]
[Round "6.72"]
[White "Fischler, Paul"]
[Black "Knott, Tilo"]
[Result "0-1"]
[WhiteElo "1009"]
[BlackElo "1498"]
[PlyCount "76"]
[EventDate "2009.??.??"]
[WhiteTeam "Sfr.1891 Friedberg"]
[BlackTeam "SC Brett vor'm Kopp Ffm"]

1. e4 d5 2. exd5 Qxd5 3. c4 Qa5 4. Nc3 c6 5. d3 Nf6 6. h3 Bf5 7. Be2 e6 8. a3
Nbd7 9. Bd2 Qc7 10. d4 b6 11. b4 Be7 12. Qb3 O-O 13. Nf3 Rfd8 14. O-O Nf8 15.
Be3 h6 16. Rfd1 Bd6 17. Kh1 Ng6 18. Bd3 Bxd3 19. Rxd3 Rd7 20. Ne2 Rad8 21. Rad1
Ne4 22. c5 Bf4 23. cxb6 axb6 24. Ne5 Bxe5 25. dxe5 Nxe5 26. Rd4 Rxd4 27. Nxd4
Ng6 28. Nxe6 Rxd1+ 29. Qxd1 fxe6 30. Qd3 Qe5 31. Qd8+ Kh7 32. Bd4 Qg5 33. Qxb6
Nh4 34. g4 Qc1+ 35. Kh2 Qf4+ 36. Kg1 Nf3+ 37. Kg2 Ned2 38. Be3 Qh2# 0-1

[Event "Frankfurt Ch 2009"]
[Site "Ffm-Kalbach, LAZ"]
[Date "2009.06.22"]
[Round "6.73"]
[White "Witt, Holger"]
[Black "Krüger, Jens"]
[Result "1-0"]
[WhiteElo "1555"]
[BlackElo "1382"]
[PlyCount "61"]
[EventDate "2009.??.??"]
[WhiteTeam "SC 1934 Viernheim"]
[BlackTeam "SC Nidderau"]

1. e4 d6 2. d4 Nf6 3. Nc3 g6 4. Nf3 Bg7 5. Be3 O-O 6. Qd2 Ng4 7. Bg5 h6 8. Bh4
c5 9. dxc5 dxc5 10. Qxd8 Rxd8 11. Bxe7 Re8 12. Nd5 Na6 13. Bxa6 bxa6 14. O-O
Bb7 15. Bxc5 Rxe4 16. Rad1 Kh8 17. c3 Re2 18. Ba3 Ne5 19. Nxe5 Rxe5 20. Ne3 Rh5
21. Rd7 Be5 22. g3 Bc6 23. Rxf7 Kg8 24. Re7 Rd8 25. Re1 Rd2 26. Nc4 Rxh2 27.
Kxh2 Rxf2+ 28. Kg1 Bxg3 29. Re8+ Bxe8 30. Rxe8+ Kf7 31. Rf8+ 1-0

[Event "Frankfurt Ch 2009"]
[Site "Ffm-Kalbach, LAZ"]
[Date "2009.06.22"]
[Round "6.76"]
[White "Kirschner, Matthias"]
[Black "Paulicks, Frank"]
[Result "1-0"]
[WhiteElo "1719"]
[BlackElo "1083"]
[PlyCount "157"]
[EventDate "2009.??.??"]
[WhiteTeam "SV 1997 Nauheim"]
[BlackTeam "Sfr.1891 Friedberg"]

1. c4 c5 2. g3 Nc6 3. Bg2 g6 4. Nf3 Bg7 5. O-O d6 6. Nc3 e5 7. d3 Nge7 8. a3 a5
9. Rb1 O-O 10. Nd2 Be6 11. Nde4 f6 12. Nb5 Nc8 13. Bd2 Rb8 14. b4 b6 15. bxc5
dxc5 16. Nxf6+ Bxf6 17. Bxc6 Rf7 18. Bg2 Bg7 19. Nc3 Nd6 20. Qc2 Ne8 21. Rb2
Nf6 22. Rfb1 Ng4 23. f3 Qd4+ 24. e3 Nxe3 25. Bxe3 Qxe3+ 26. Kh1 Bf5 27. Ne4 Rd7
28. Rd1 Rbd8 29. Rb3 Bxe4 30. fxe4 Rd6 31. Qb1 Rb8 32. Re1 Qd4 33. Bf1 Rf6 34.
Qb2 Qd6 35. Qc3 Rbf8 36. Bg2 Bh6 37. Rbb1 Rf2 38. Rb2 Rxb2 39. Qxb2 Bg7 40. Qc3
Bf6 41. Rf1 Bd8 42. Rxf8+ Kxf8 43. Bf3 Bc7 44. Kg2 Qf6 45. Qd2 g5 46. Bg4 h6
47. Qe2 Kg7 48. Bf5 Bd6 49. Qg4 h5 50. Qxh5 Qh6 51. Qe8 Qf6 52. Qd7+ Qe7 53.
Qc8 Qc7 54. Qe6 Qe7 55. Qg6+ Kf8 56. Kh3 Bc7 57. Kg4 Bd8 58. Qh6+ Qg7 59. Qd6+
Qe7 60. Qe6 Qxe6 61. Bxe6 Kg7 62. Kf5 Bf6 63. h4 gxh4 64. gxh4 Bxh4 65. Kxe5
Kf8 66. Kd6 a4 67. Kc6 Ke7 68. Bg4 Be1 69. Kxb6 Kd6 70. Kb5 Ke5 71. Be2 Kd4 72.
Kxa4 Bc3 73. Kb3 Be1 74. Ka4 Bd2 75. Kb5 Bf4 76. a4 Bb8 77. a5 Ke5 78. Kc6 Kd4
79. a6 1-0

[Event "Frankfurt Ch 2009"]
[Site "Ffm-Kalbach, LAZ"]
[Date "2009.06.22"]
[Round "6.78"]
[White "Grohmüller, Robert"]
[Black "Scheerer, Michael"]
[Result "1-0"]
[WhiteElo "1302"]
[BlackElo "1427"]
[PlyCount "39"]
[EventDate "2009.??.??"]
[WhiteTeam "FB Mörlenbach-Birkenau"]
[BlackTeam "Sfr. Frankfurt 1921"]

1. c4 e6 2. Nc3 Nf6 3. e4 d5 4. e5 Nfd7 5. Nf3 dxc4 6. Bxc4 c5 7. O-O Nc6 8.
Re1 Qc7 9. Nb5 Qb8 10. d4 cxd4 11. Bf4 a6 12. Nbxd4 Nxd4 13. Nxd4 b5 14. Bb3
Bc5 15. Nf3 Bb7 16. Ng5 Qd8 17. Bxe6 fxe6 18. Nxe6 Qb6 19. Nxg7+ Kf7 20. Qxd7+
1-0